| 000 | 00921nam a22002297a 4500 | ||
|---|---|---|---|
| 005 | 20131008171108.0 | ||
| 010 | _aB-515463-485 B-523508-521 | ||
| 020 |
_a8184826060 _c225.00 |
||
| 020 |
_a9788184826067 _c225.00 |
||
| 035 | _aB-515463-485 B-523508-521 | ||
| 037 | _bUBH/Ven. | ||
| 082 | _aS | ||
| 245 |
_aThe Kuru Clan / _cillustrated by Ram Waeerkar |
||
| 260 |
_aMumbai _bAmar Chitra Katha _c2012 (repr.) |
||
| 270 |
_aKrishna House, 3rd Floor, Raghuvanshi Mill Compound, S.B. Marg, Lower Parel (W) _bMumbai _e400013 |
||
| 300 |
_aVol.1034, various pages. _c24cm(Hb) _bcol.ill. |
||
| 500 | _a5-in-1 | ||
| 505 | _aGandhari, Tales of yudhishthira, Draupadi, Jayadratha, Pareekshit. | ||
| 942 |
_2ddc _cCH _mKUR _hS |
||
| 999 |
_c79085 _d79085 |
||